000 00510nam a2200181Ia 4500
008 090123s9999 xx 000 0 und d
082 _b30224
_a891.463/बापट
100 _aबापट मुकुंद
245 _aजीवन
250 _a1
260 _bसुर्याक्षराविविधा
300 _a190
600 _aबापट मुकुंद
630 _aजीवन
700 _aबापट मुकुंद
730 _aजीवन
942 _cBOOK
999 _c65038
_d65038